000 00366nam a2200133Ia 4500
008 240624s9999 xx 000 0 und d
041 _aeng
082 _a658.314 HAR
100 _aHARVARD BUSINESS SCHOOL PRESS
245 _aHARVARD BUSINESS REVIEW ON MOTIVATING PE
260 _c2003
_aUSA
_bHarvard Businesss School Press
300 _a212p. ; 20cm.
365 _c
_b30
999 _c4620
_d4620